Књижевни ликови #2 - Statistics

General Stats
  • This quiz has been taken 58 times
  • The average score is 6 of 20
Answer Stats
Лик Књига % Correct
Луди Шеширџија Алиса у земљи чуда
73%
Хермиона Грејнџер Хари Потер
73%
Вук Исакович Сеобе
68%
Мерсо Странац
48%
Ефенди Мита Нечиста крв
43%
Ежен де Растињак Чича Горио
41%
Тирион Ланистер Игра престола
39%
Вили Вонка Чарли и фабрика чоколаде
34%
Меркуцио Ромео и Јулија
30%
Павел ФјодоровичСмердјаков Браћа Карамазови
27%
Едмонд Дантес Гроф Монте Кристо
23%
Хитклиф Оркански висови
20%
Кетнис Евердин Игре глади
16%
Атикус Финч Убити птицу ругалицу
14%
Кристофер Робин Вини Пу
11%
Холден Колфилд Ловац у житу
11%
Ебенизер Скруџ Божићна прича
7%
Грендел Беовулф
5%
Џонатан Харкер Дракула
5%
Лонг Џон Силвер Острво с благом
2%
No matching quizzes found
Score Distribution
Percent of People with Each Score
Percentile by Number Answered
Your Score History
You have not taken this quiz